| 000 | 01265nam a2200277 a 4500 | ||
|---|---|---|---|
| 001 | 000035199 | ||
| 005 | 20200930074154.0 | ||
| 008 | 111025s1910 sp 000 0 spa d | ||
| 040 |
_aDO-SdBNP _bspa _cBNPHU |
||
| 082 |
_a987 _bR618e |
||
| 100 | 1 |
_aRivas, Ángel César _960931 |
|
| 245 | 1 | 0 | _aEnsayos de historia política y diplomática. |
| 260 |
_aMadrid : _bAmérica, _c[1910?]. |
||
| 300 |
_a353 p. ; _c19 cm. |
||
| 490 | 1 |
_aBiblioteca de ciencias política y sociales _v7 |
|
| 500 | _aIncluye referencias bibliográfica y notas al pie de las páginas | ||
| 505 | 0 |
_tOrígenes de la independencia de Venezuela -- _tLa diplomacia de los Estados Unidos y la monarquía en Colombia -- _tLa segunda misión a España de don Fermín Toro. |
|
| 590 | _aPerteneció a la biblioteca personal de Juan Isidro Jimenes Grullón | ||
| 651 | 4 |
_aVenezuela _xHistoria _yHASTA 1810 _960932 |
|
| 651 | 4 |
_aColombia _xRelaciones Exteriores _zEstados Unidos _960933 |
|
| 651 | 4 |
_aEstados Unidos _xRelaciones Exteriores _zColombia _960934 |
|
| 651 | 4 |
_aVenezuela _xRelaciones Exteriores _zEspaña _960935 |
|
| 651 | 4 |
_aEspaña _xRelaciones Exteriores _zVenezuela _960936 |
|
| 830 | 0 |
_aBiblioteca de ciencias política y sociales _v7 _960937 |
|
| 910 | _aValidado. Control de calidad MFF | ||
| 999 |
_c34690 _d34690 |
||